| 000 | 00410nam a2200145Ia 4500 | ||
|---|---|---|---|
| 008 | 231129s1983||||xx |||||||||||||| ||spa|| | ||
| 020 | _a84-233-0389-6 | ||
| 040 | _bspa | ||
| 082 | _a(EN PROCESO DE DESCARTE) R 320.531 D793h | ||
| 100 | _aDroz Jacques | ||
| 245 | 0 | _aHistoria general del socialismo | |
| 260 | _c1983 | ||
| 264 | _aEspaƱa : Destino | ||
| 942 |
_2ddc _cBKS |
||
| 999 |
_c15304 _d15304 |
||